[Event "PNWCC Online Blitz JP 22"]
[Site "Chess.com INT"]
[Date "2021.03.21"]
[Round "10"]
[White "Yang, Alexander Zirui"]
[Black "Jiang, Andrew"]
[Result "0-1"]
[WhiteElo "1630"]
[BlackElo "1715"]
[PlyCount "62"]
[EventDate "2021.03.21"]
[EventType "swiss (blitz)"]
[EventRounds "12"]
[EventCountry "USA"]
[SourceTitle "CBM 201 Extra"]
[Source "ChessBase"]
[SourceDate "2021.05.31"]
[SourceVersion "1"]
[SourceVersionDate "2021.05.31"]
[SourceQuality "1"]

1. e4 e5 2. Nf3 Nc6 3. Bb5 a6 4. Ba4 Nf6 5. 0-0 Be7 6. Bxc6 dxc6 7. d3 Nd7 8. Nbd2 0-0 9. Nc4 Bd6 10. Bg5 f6 11. Be3 Rf7 12. Nh4 Nf8 13. Nf5 g6 14. Nh6+ Kg7 15. Nxf7 Kxf7 16. f4 exf4 17. Bxf4 Bxf4 18. Rxf4 b5 19. Ne5+ Kg7 20. Nf3 g5 21. Nxg5 fxg5 22. Rf3 Bg4 23. h3 Bxf3 24. Qxf3 Ng6 25. Qf5 Qd4+ 26. Kh1 Rf8 27. Qe6 Qf2 28. Qxc6 Rf7 29. Qc3+ Kg8 30. e5 Nf4 31. Rg1 Ne2 0-1

[Event "PNWCC Thanksgiving op"]
[Site "Chess.com INT"]
[Date "2020.11.27"]
[Round "2"]
[White "Yang, Alexander Zirui"]
[Black "Wang, Jason"]
[Result "0-1"]
[WhiteElo "1630"]
[BlackElo "2312"]
[PlyCount "82"]
[EventDate "2020.11.27"]
[EventType "swiss (rapid)"]
[EventRounds "9"]
[EventCountry "USA"]
[SourceTitle "CBM 199 Extra"]
[Source "ChessBase"]
[SourceDate "2021.01.31"]
[SourceVersion "1"]
[SourceVersionDate "2021.01.31"]
[SourceQuality "1"]

1. d4 d5 2. c4 dxc4 3. Nc3 e5 4. dxe5 Qxd1+ 5. Nxd1 Nc6 6. Nf3 Be6 7. e4 0-0-0 8. Be2 Bb4+ 9. Nc3 Nge7 10. Bg5 h6 11. Bxe7 Nxe7 12. 0-0 c6 13. Rad1 Ng6 14. Kh1 Nf4 15. Nd4 Rxd4 16. Rxd4 Bxc3 17. bxc3 Nxe2 18. Rd2 Nxc3 19. Re1 Rd8 20. Rc2 Nxe4 21. f4 Rd2 22. Rxd2 Nxd2 23. Rc1 b5 24. h3 b4 25. Kg1 b3 26. axb3 cxb3 27. Kf2 b2 28. Rd1 b1Q 29. Rxb1 Nxb1 30. g4 g6 31. Kg3 a5 32. h4 a4 33. g5 h5 34. Kf3 a3 35. Ke3 a2 36. Ke4 a1Q 37. Kf3 Qc3+ 38. Ke2 Bg4+ 39. Kf2 Qd2+ 40. Kg3 Nc3 41. f5 Ne4# 0-1

[Event "PNWCC Online Masters Artist Point"]
[Site "Chess.com INT"]
[Date "2020.09.06"]
[Round "5"]
[White "Wiebe, Daniel"]
[Black "Yang, Alexander Zirui"]
[Result "1-0"]
[WhiteElo "1988"]
[BlackElo "1630"]
[PlyCount "123"]
[EventDate "2020.09.05"]
[EventType "swiss"]
[EventRounds "9"]
[EventCountry "USA"]
[SourceTitle "CBM 198 Extra"]
[Source "ChessBase"]
[SourceDate "2020.11.30"]
[SourceVersion "1"]
[SourceVersionDate "2020.11.30"]
[SourceQuality "1"]

1. e4 c5 2. Nf3 d6 3. d4 cxd4 4. Nxd4 Nf6 5. Nc3 a6 6. Bg5 e6 7. f4 Be7 8. Qf3 Qc7 9. 0-0-0 0-0 10. g4 b5 11. Bxf6 Bxf6 12. g5 Bxd4 13. Rxd4 Nc6 14. Rd3 Bb7 15. Qh5 f5 16. exf5 exf5 17. Nd5 Qf7 18. Qxf7+ Rxf7 19. Bg2 Re8 20. Kd2 Na5 21. b3 Bc6 22. Re1 Rff8 23. Ne7+ Rxe7 24. Rxe7 Bxg2 25. Rxd6 Nc6 26. Rc7 Nb8 27. Re6 Bd5 28. Ree7 Rf7 29. Re8+ Rf8 30. Rxf8+ Kxf8 31. Rc8+ Kf7 32. Rxb8 Kg6 33. Rb6+ Kh5 34. Rxa6 Kg4 35. Ke3 Kh3 36. Ra7 Kxh2 37. Rxg7 Kg3 38. Rxh7 Kg4 39. a4 bxa4 40. bxa4 Bg8 41. Rg7 Bd5 42. a5 Bc6 43. a6 Ba8 44. a7 Bd5 45. c3 Bc6 46. Rg8 Bd5 47. a8Q Bxa8 48. Rxa8 Kh5 49. Ra1 Kg6 50. Rh1 Kg7 51. Rh6 Kf7 52. Kd4 Kg7 53. Ke5 Kf7 54. Re6 Kg7 55. Kxf5 Kf7 56. Re5 Kg7 57. Re7+ Kf8 58. Kf6 Kg8 59. Rf7 Kh8 60. Kg6 Kg8 61. Rf6 Kh8 62. Rf8# 1-0

[Event "PNWCC Online Masters WOO"]
[Site "Chess.com INT"]
[Date "2020.07.05"]
[Round "6.45"]
[White "Yang, Alexander Zirui"]
[Black "Chabris, Christopher"]
[Result "0-1"]
[WhiteElo "1630"]
[BlackElo "2125"]
[PlyCount "82"]
[EventDate "2020.07.04"]
[EventType "swiss (rapid)"]
[EventRounds "9"]
[EventCountry "USA"]
[SourceTitle "CBM 197 Extra"]
[Source "ChessBase"]
[SourceDate "2020.09.30"]
[SourceVersion "1"]
[SourceVersionDate "2020.09.30"]
[SourceQuality "1"]

1. d4 Nf6 2. c4 e6 3. Nc3 Bb4 4. f3 c5 5. a3 Bxc3+ 6. bxc3 Nc6 7. e4 d6 8. Bg5 h6 9. Bh4 Qa5 10. Qd2 cxd4 11. Ne2 dxc3 12. Qxd6 Bd7 13. Qd3 Ne5 14. Qxc3 Nxc4 15. Qxa5 Nxa5 16. Rc1 0-0 17. Nd4 Rac8 18. Kd2 e5 19. Rxc8 Rxc8 20. Nf5 Nb3+ 21. Ke1 Rc1+ 22. Kf2 Bxf5 23. exf5 Nd5 24. g4 Nd4 25. Kg3 Nf4 26. h3 f6 27. a4 Kf8 28. a5 Ke7 29. Bg2 Rc2 30. Bf1 Kd6 31. a6 bxa6 32. Rg1 Nde2+ 33. Bxe2 Nxe2+ 34. Kf2 Nxg1+ 35. Kxg1 a5 36. Bf2 a4 37. Bxa7 a3 38. Bb8+ Kd5 39. Ba7 a2 40. Be3 a1Q+ 41. Bc1 Qxc1# 0-1

[Event "PNWCC Online Masters WOO"]
[Site "Chess.com INT"]
[Date "2020.07.04"]
[Round "2.34"]
[White "Tarjan, James Edward"]
[Black "Yang, Alexander Zirui"]
[Result "0-1"]
[WhiteElo "2381"]
[BlackElo "1630"]
[PlyCount "80"]
[EventDate "2020.07.04"]
[EventType "swiss (rapid)"]
[EventRounds "9"]
[EventCountry "USA"]
[SourceTitle "CBM 197 Extra"]
[Source "ChessBase"]
[SourceDate "2020.09.30"]
[SourceVersion "1"]
[SourceVersionDate "2020.09.30"]
[SourceQuality "1"]

1. c4 c5 2. Nf3 Nc6 3. Nc3 g6 4. e3 Nf6 5. d4 cxd4 6. exd4 d5 7. cxd5 Nxd5 8. Bc4 Nxc3 9. Qb3 e6 10. bxc3 Bd7 11. Qd1 Bg7 12. 0-0 0-0 13. Be3 Qc7 14. Rc1 a6 15. Qd2 b5 16. Bd3 Rfc8 17. Bh6 Bh8 18. Rfe1 Qa5 19. Qf4 Qc7 20. Qh4 Qd8 21. Qg3 b4 22. Bd2 bxc3 23. Bxc3 Qc7 24. Qh4 Bg7 25. d5 exd5 26. Ng5 h6 27. Bxg7 Kxg7 28. Nxf7 Kxf7 29. Qxh6 Rg8 30. Re3 Qd6 31. Rce1 Rg7 32. h4 Kg8 33. Qg5 Rf8 34. h5 gxh5 35. Qxh5 Bg4 36. Qh4 Qf6 37. Qxf6 Rxf6 38. Re8+ Rf8 39. Bxa6 Bf3 40. Rxf8+ Kxf8 0-1

[Event "PNWCC Online Masters WOO"]
[Site "Chess.com INT"]
[Date "2020.07.04"]
[Round "3.15"]
[White "Yang, Alexander Zirui"]
[Black "Safarli, Eltaj"]
[Result "0-1"]
[WhiteElo "1630"]
[BlackElo "2598"]
[PlyCount "62"]
[EventDate "2020.07.04"]
[EventType "swiss (rapid)"]
[EventRounds "9"]
[EventCountry "USA"]
[SourceTitle "CBM 197 Extra"]
[Source "ChessBase"]
[SourceDate "2020.09.30"]
[SourceVersion "1"]
[SourceVersionDate "2020.09.30"]
[SourceQuality "1"]

1. d4 Nf6 2. c4 e6 3. Nc3 Bb4 4. f3 d5 5. a3 Be7 6. e3 0-0 7. Bd3 c5 8. Nge2 Nc6 9. 0-0 b6 10. b3 dxc4 11. Bxc4 cxd4 12. exd4 Na5 13. Bd3 Bb7 14. Ne4 Rc8 15. Be3 Nd5 16. Bf2 Bg5 17. Nxg5 Qxg5 18. b4 Nc4 19. Bxc4 Rxc4 20. Rc1 Ba6 21. Re1 Rxc1 22. Qxc1 Qxc1 23. Nxc1 Rc8 24. Na2 Rc2 25. Ra1 Bc4 26. Nc1 Nf4 27. Be3 Nxg2 28. Bf2 Nf4 29. Be3 Nh3+ 30. Kh1 Bd5 31. Bf2 Bxf3# 0-1

[Event "PNWCC Online Masters"]
[Site "Chess.com INT"]
[Date "2020.05.25"]
[Round "9.37"]
[White "Vega, Isaac"]
[Black "Yang, Alexander Zirui"]
[Result "1-0"]
[WhiteElo "1735"]
[BlackElo "1630"]
[PlyCount "159"]
[EventDate "2020.05.23"]
[EventType "swiss (rapid)"]
[EventRounds "9"]
[EventCountry "USA"]
[SourceTitle "CBM 196 Extra"]
[Source "ChessBase"]
[SourceDate "2020.07.31"]
[SourceVersion "1"]
[SourceVersionDate "2020.07.31"]
[SourceQuality "1"]

1. e4 c5 2. Nc3 d6 3. f4 Nf6 4. Nf3 a6 5. a4 e6 6. Bc4 b6 7. d3 Bb7 8. 0-0 Be7 9. Qe1 0-0 10. e5 dxe5 11. fxe5 Nd5 12. Ne4 Nd7 13. Qg3 Re8 14. Nfg5 Rf8 15. Qh3 h6 16. Nxe6 fxe6 17. Qxe6+ Kh7 18. Bxd5 Bxd5 19. Qxd5 Qc7 20. Bf4 Rad8 21. Bg3 Qc8 22. Nd6 Bxd6 23. exd6 Nf6 24. Qc4 Rfe8 25. Rae1 Ng4 26. Rxe8 Rxe8 27. Qf7 Rd8 28. h3 Ne3 29. Re1 Nf5 30. Be5 Qd7 31. Qd5 Nxd6 32. Bxd6 Qxd6 33. Qf5+ Kh8 34. Re4 Rf8 35. Qe6 Qg3 36. Rg4 Qf2+ 37. Kh2 Qxc2 38. Qe5 Rg8 39. Rg6 Kh7 40. Qe4 Kh8 41. Rxb6 Rc8 42. Rb7 Qf2 43. Qg4 Rg8 44. b3 Qf6 45. Qg3 Qc6 46. Rc7 Qb6 47. a5 Qxb3 48. Rxc5 Qa3 49. d4 Qb4 50. Qe5 Rd8 51. Rc7 Qxd4 52. Qxd4 Rxd4 53. Rc6 Ra4 54. Rxa6 Kh7 55. Ra7 Kg6 56. Kg3 Kf6 57. a6 Kg6 58. Kf3 Ra3+ 59. Ke4 Ra4+ 60. Kd5 Ra5+ 61. Kc6 Ra1 62. Ra8 Ra2 63. Kb7 Rxg2 64. Rc8 Rg3 65. Rc6+ Kh7 66. a7 Rb3+ 67. Rb6 Ra3 68. Ra6 Rb3+ 69. Kc6 Rc3+ 70. Kd5 Rd3+ 71. Ke4 Rd8 72. a8Q Rxa8 73. Rxa8 h5 74. Kf5 Kh6 75. Ra6+ Kh7 76. Kg5 Kh8 77. Kxh5 Kh7 78. Ra7 Kg8 79. Kg6 Kh8 80. Ra8# 1-0

[Event "PNWCC Online Masters"]
[Site "Chess.com INT"]
[Date "2020.05.23"]
[Round "3.15"]
[White "Kavutskiy, Konstantin"]
[Black "Yang, Alexander Zirui"]
[Result "1-0"]
[WhiteElo "2391"]
[BlackElo "1630"]
[PlyCount "89"]
[EventDate "2020.05.23"]
[EventType "swiss (rapid)"]
[EventRounds "9"]
[EventCountry "USA"]
[SourceTitle "CBM 196 Extra"]
[Source "ChessBase"]
[SourceDate "2020.07.31"]
[SourceVersion "1"]
[SourceVersionDate "2020.07.31"]
[SourceQuality "1"]

1. d4 Nf6 2. c4 c5 3. d5 e6 4. Nc3 exd5 5. cxd5 d6 6. e4 g6 7. Nge2 Bg7 8. Ng3 0-0 9. Be2 a6 10. a4 Re8 11. 0-0 Nbd7 12. Be3 Qc7 13. Qd2 Rb8 14. Rfc1 Ne5 15. h3 b6 16. b4 Qe7 17. Rab1 cxb4 18. Rxb4 Ned7 19. Rcb1 Qd8 20. Bd4 Qc7 21. f4 Nc5 22. Bf3 Nfd7 23. Nf1 Bb7 24. Bxg7 Kxg7 25. Qd4+ Kg8 26. Ne3 Ba8 27. Ng4 h5 28. Nh6+ Kf8 29. g4 hxg4 30. Nxg4 Nb7 31. Rc4 Qd8 32. Qh8+ Ke7 33. Qh4+ Kf8 34. Qh6+ Ke7 35. e5 dxe5 36. fxe5 Rg8 37. d6+ Ke8 38. Nd5 Nxd6 39. exd6 Bxd5 40. Bxd5 Nf6 41. Bc6+ Qd7 42. Nxf6+ Kd8 43. Bxd7 b5 44. Rc6 bxa4 45. Rxb8# 1-0

[Event "PNWCC Online blitz JP 2nd"]
[Site "Chess.com INT"]
[Date "2020.03.21"]
[Round "6"]
[White "Yang, Alexander Zirui"]
[Black "Zhang, Andrew Huangtiankai"]
[Result "1-0"]
[WhiteElo "1630"]
[BlackElo "1553"]
[PlyCount "102"]
[EventDate "2020.03.21"]
[EventType "swiss (blitz)"]
[EventRounds "11"]
[EventCountry "USA"]
[SourceTitle "CBM 195 Extra"]
[Source "ChessBase"]
[SourceDate "2020.05.31"]
[SourceVersion "1"]
[SourceVersionDate "2020.05.31"]
[SourceQuality "1"]

1. e4 e5 2. Nf3 Nc6 3. Bc4 Bc5 4. c3 Nf6 5. d4 exd4 6. cxd4 Bb4+ 7. Nc3 d5 8. Bxd5 Nxd5 9. exd5 Qxd5 10. 0-0 Bxc3 11. bxc3 0-0 12. Re1 Bg4 13. Re3 Rfe8 14. h3 Bh5 15. g4 Bg6 16. Qb3 Qd6 17. Ba3 Qd7 18. Rae1 h5 19. Rxe8+ Rxe8 20. Rxe8+ Qxe8 21. Qxb7 hxg4 22. hxg4 Qe4 23. Ne5 Qe1+ 24. Kg2 Be4+ 25. f3 Qe2+ 26. Kg3 Qe1+ 27. Kf4 Nxe5 28. Qxe4 Ng6+ 29. Kf5 Qh4 30. Qe8+ Kh7 31. Ke4 f5+ 32. Kxf5 Qf6+ 33. Ke4 Qf4+ 34. Kd3 Qxf3+ 35. Kc4 Qf1+ 36. Kd5 Nf4+ 37. Kc5 Nd3+ 38. Kd5 Qf3+ 39. Kc4 Qf1 40. Qh5+ Kg8 41. Qd5+ Kh7 42. Qe4+ Kg8 43. Qxd3 Qf7+ 44. Kb4 Qe7+ 45. Kb3 Qe6+ 46. Qc4 Qxc4+ 47. Kxc4 Kf7 48. Kd5 Kf6 49. Bc1 g6 50. Bf4 c6+ 51. Kxc6 Ke6 1-0